Sports Quiz

Random Sports or MLB Quiz

2009 MLB League Leaders Quiz Stats

 Plays Quiz not verified by Sporcle

Score 0/36 Timer 08:00
0 Plays Today
Category Leader % Correct
NL Home RunsAlbert Pujols
94.5%
NL RunsAlbert Pujols
94.5%
NL On Base PercentageAlbert Pujols
94.5%
AL Batting AverageJoe Mauer
91.3%
AL On Base PercentageJoe Mauer
91.3%
NL RBI'sPrince Fielder, Ryan Howard
87.8%
AL Home RunsCarlos Pena, Mark Teixeira
81.5%
NL StrikeoutsTim Lincecum
79.9%
AL HitsIchiro Suzuki
79.1%
AL WinsCC Sabathia, Justin Verlander
78%
NL Batting AverageHanley Ramirez
77.6%
AL RBI'sMark Teixeira
75.2%
AL ERAZack Greinke
71.7%
NL Hitters K'sMark Reynolds
63.4%
AL StrikeoutsJustin Verlander
63%
AL Innings PitchedJustin Verlander
63%
AL Stolen BasesJacoby Ellsbury
62.6%
NL Fielding ErrorsMark Reynolds
62.6%
Category Leader % Correct
NL WinsAdam Wainwright
61.4%
NL Innings PitchedAdam Wainwright
61.4%
NL ERAChris Carpenter
59.4%
AL Pitchers Games StartedJustin Verlander
53.5%
NL At BatsJimmy Rollins
53.1%
AL RunsDustin Pedroia
47.6%
NL Stolen BasesMichael Bourn
38.2%
AL SavesBrian Fuentes
37.4%
NL Hitters WalksAdrian Gonzalez
30.7%
NL HitsRyan Braun
30.3%
NL SavesHeath Bell
30.3%
NL Pitchers Games StartedDerek Lowe, Adam Wainwright, Doug Davis, Randy Wolf, Jair Jurrjens, Braden Looper
19.7%
AL Hitters WalksChone Figgins
19.3%
AL Hitters K'sJack Cust
18.1%
AL At BatsAaron Hill
11%
NL LossesZach Duke
9.8%
AL LossesJeremy Guthrie
7.9%
AL Fielding ErrorsElvis Andrus
5.9%

You're not logged in!

Compare scores with friends on all Sporcle quizzes.
OR
Log In

You Might Also Like...

Show Comments

Extras

Top Quizzes Today


Score Distribution

Your Account Isn't Verified!

In order to create a playlist on Sporcle, you need to verify the email address you used during registration. Go to your Sporcle Settings to finish the process.

Report this User

Report this user for behavior that violates our Community Guidelines.

Details: